000 00507nam a2200181Ia 4500
008 100917s9999 xx 000 0 und d
082 _b53231
100 _aजोशी प्र. न.
245 _aभागवत पुराण
260 _bप्रसाद प्रकाशन
_c1982
300 _a400
365 _b0
520 _aपुराण
630 _aभागवत पुराण
650 _aपुराण
730 _aभागवत पुराण
942 _cBOOK
999 _c658625
_d658622